| 000 | 00746nam a2200229Ii 4500 | ||
|---|---|---|---|
| 003 | JO-AjNU | ||
| 008 | 230605s9999||||xx |||||||||||||| ||und|| | ||
| 017 | _a2007/16686 | ||
| 020 | _a977-356-289-1 | ||
| 040 |
_aJO-AjNU _bara _erda _cJO-AjNU |
||
| 041 | _aara | ||
| 050 | 1 | 4 | _aBF721.2008 |
| 100 | 3 |
_aالعيسوي،عبد الرحمن محمد, _eauthor _931100 |
|
| 245 | 0 | 0 | _aالوقاية من الاضطرابات النفسية و سبل علاجها |
| 250 | _aط1 | ||
| 264 | 3 | 1 | _aالجيزة:هلا للنشر والتوزيع ، 2008 |
| 300 | _a404ص | ||
| 336 |
_atext _btxt _2rdacontent |
||
| 337 |
_aunmediated _bn _2rdamedia |
||
| 338 |
_avolume _bnc _2rdacarrier |
||
| 650 | 4 |
_aالاضطرابات النفسية _931101 |
|
| 999 |
_aA12403 _c15971 _d15971 |
||